[Event "Landesliga U20 Sued 1718"]
[Site "Bayern"]
[Date "2018.01.27"]
[Round "4.3"]
[White "Russakis, Anthimos"]
[Black "Hobmeier, Luis"]
[Result "1/2-1/2"]
[WhiteElo "1489"]
[BlackElo "1578"]
[PlyCount "79"]
[EventDate "2017.11.18"]
[EventType "team-tourn"]
[EventRounds "7"]
[EventCountry "GER"]
[SourceTitle "EXT 2022"]
[Source "ChessBase"]
[SourceDate "2021.10.06"]
[SourceVersion "1"]
[SourceVersionDate "2021.10.06"]
[SourceQuality "1"]
[WhiteTeam "Dorfen PSV U20"]
[BlackTeam "Moosburg SC U20"]
[WhiteTeamCountry "GER"]
[BlackTeamCountry "GER"]

1. Nf3 Nc6 2. d4 d5 3. g3 Bf5 4. Bg2 e6 5. 0-0 Bd6 6. c4 Nf6 7. Nc3 0-0 8. cxd5 exd5 9. Nh4 Be6 10. Bg5 Be7 11. e4 dxe4 12. Bxf6 Bxf6 13. d5 Bxc3 14. dxe6 Bf6 15. exf7+ Rxf7 16. Qxd8+ Rxd8 17. Bxe4 Re7 18. Rfe1 Rd2 19. Rab1 Rxb2 20. Rxb2 Bxb2 21. Bd5+ Kf8 22. Rb1 Re2 23. Bc4 Rc2 24. Bd3 Rc1+ 25. Rxc1 Bxc1 26. Bxh7 Nb4 27. a4 b6 28. Nf5 c5 29. Ne3 Nc6 30. h4 Ne5 31. Kf1 g6 32. h5 Kg7 33. Bxg6 Nxg6 34. hxg6 Kxg6 35. Nc4 Bg5 36. f4 Bd8 37. Kf2 a6 38. Kf3 b5 39. axb5 axb5 40. Ne5+ 1/2-1/2